|
|
|
|
| LEADER |
00000nam a2200000 a 4500 |
| 001 |
vtls010595133 |
| 003 |
SK-MaSNL |
| 005 |
20260301034735.0 |
| 008 |
240314s1982 xo f b 000 0 slo |
| 015 |
|
|
|a SNBA1982
|
| 040 |
|
|
|a SNK
|b slo
|c SNK
|e AACR2
|
| 041 |
0 |
|
|a slo
|
| 044 |
|
|
|a xo
|c SK
|
| 080 |
|
|
|a 63
|2 1981
|
| 080 |
|
|
|a 636
|2 1981
|
| 080 |
|
|
|a (01)
|2 1981
|
| 100 |
1 |
|
|a Tóthová, Lýdia
|4 aut
|9 336149
|
| 245 |
1 |
0 |
|a Poľnohospodárstvo
|b živočíšna výroba : výberová bibliografia pre poľnohospodárov, drobnochovateľov, záhradníkov, študentov SPTŠ a VŠP
|n 2
|c Lýdia Tóthová
|
| 260 |
|
|
|a Dunajská Streda
|b Okresná knižnica
|c 1982
|
| 650 |
0 |
7 |
|a poľnohospodárstvo
|2 SNKPH
|9 679
|
| 650 |
0 |
7 |
|a živočíšna výroba
|2 SNKPH
|9 2836
|
| 655 |
|
7 |
|a bibliografie
|2 SNKPH
|9 28668
|
| 958 |
|
|
|a OND
|
| 958 |
|
|
|a RM
|
| 958 |
|
|
|a KL
|
| 999 |
|
|
|c 582439
|d 584369
|
| 952 |
|
|
|a SNK
|b SNK
|y PREZ
|7 0
|p 17A0983460
|o snkSB 33952/2
|i snkKSP 8290/82
|0 0
|1 0
|4 0
|d 2014-05-06
|f 1
|l 0
|r 2025-04-09 00:00:00
|w 2026-02-23
|
| 952 |
|
|
|a SNK
|b SNK
|y VYP
|7 0
|o snkSB 33952/2 D1
|i snkKSP 8291/82
|0 0
|1 0
|4 0
|d 2014-05-06
|l 0
|r 2026-02-23 14:56:53
|w 2026-02-23
|